[Event "34th Leon Blitz Open 2021"]
[Site "chess.com INT"]
[Date "2021.07.07"]
[Round "7"]
[White "Delgadillo, Adonay"]
[Black "Musovic, Armin"]
[Result "1-0"]
[WhiteTitle "FM"]
[BlackTitle "FM"]
[WhiteElo "2236"]
[BlackElo "2282"]
[WhiteFideId "3301915"]
[BlackFideId "939935"]
[EventDate "2021.07.07"]

1. e4 c6 2. c4 d5 3. exd5 cxd5 4. cxd5 e6 5. dxe6 Bxe6 6. d4 Nc6 7. Be3 Nf6 8.
Nc3 a6 9. Nf3 Bb4 10. Be2 O-O 11. O-O h6 12. Qd3 Re8 13. Rfd1 Nd5 14. Nxd5 Bxd5
15. a3 Bd6 16. Rac1 Qf6 17. h3 Rad8 18. b4 Bb8 19. b5 Be4 20. Qb3 Bd5 21. Qb2
axb5 22. Qxb5 Bxf3 23. Bxf3 Qd6 24. Bxc6 Qh2+ 25. Kf1 bxc6 26. Qxc6 Bf4 27. Qf3
Bxe3 28. fxe3 Re6 29. Rc6 Rdd6 30. Rxd6 Rxd6 31. Ke2 Rf6 32. Qa8+ Kh7 33. Qe4+
Rg6 34. Kd3 Qb8 35. Ke2 Qb5+ 36. Kf2 Qb2+ 37. Kg1 f5 38. Qf3 Qc2 39. d5 Rg3 40.
Qxg3 Qxd1+ 41. Kh2 Qxd5 42. a4 g5 43. Qc7+ Kg6 44. a5 Qa2 45. Qb6+ Kh5 46. a6
Qa1 47. Qd6 g4 48. hxg4+ fxg4 49. Qc5+ Kg6 50. a7 g3+ 51. Kxg3 Qe1+ 52. Kh3 Qh1+
53. Kg3 Qe1+ 54. Kg4 Qe2+ 55. Kh3 Qa2 56. Qc6+ Kg5 57. a8=Q Qb1 58. Qg8+ Kh5 59.
g4# 1-0

[Event "34th Leon Blitz Open 2021"]
[Site "chess.com INT"]
[Date "2021.07.07"]
[Round "7"]
[White "Maly, Alexey"]
[Black "Holt, Conrad"]
[Result "0-1"]
[WhiteTitle "IM"]
[BlackTitle "GM"]
[WhiteElo "2370"]
[BlackElo "2549"]
[WhiteFideId "14103184"]
[BlackFideId "2034387"]
[EventDate "2021.07.07"]

1. d4 d5 2. c4 c6 3. e3 Bf5 4. Bd3 Bxd3 5. Qxd3 e6 6. Nd2 Nd7 7. Ngf3 f5 8. O-O
Nh6 9. b3 Bd6 10. a4 Qe7 11. Bb2 O-O 12. Ne5 Ng4 13. Ndf3 Rad8 14. Nxd7 Qxd7 15.
Ba3 Bxa3 16. Rxa3 f4 17. exf4 Rxf4 18. h3 Qd6 19. g3 Qxa3 20. gxf4 Nf6 21. Qe3
Re8 22. Ne5 Qf8 23. Nd3 Ne4 24. Ne5 Qf5 25. Kh2 Rf8 26. Nd3 h6 27. Rg1 Kh7 28.
Rg4 Nf6 29. Rg1 Nh5 30. Rg4 b6 31. c5 bxc5 32. dxc5 a5 33. Rh4 Nf6 34. Ne5 Rc8
35. Nf3 Qe4 36. Nd4 Qxe3 37. fxe3 Ne4 38. Nxe6 Rb8 39. Rg4 g6 40. Nd4 Nxc5 41.
Nxc6 Rxb3 42. Nxa5 Rxe3 43. Nc6 Re2+ 44. Rg2 Rxg2+ 45. Kxg2 Nxa4 46. Kf3 Kg7 47.
Ne7 Nb6 48. Ke3 Kf7 49. Nc6 Ke6 50. Nd4+ Kf6 51. Kf3 Nc4 52. h4 Nd6 53. Kg4 Nf5
54. Nc6 h5+ 55. Kh3 Ke6 56. Ne5 Ne7 57. Kg3 d4 58. Kf3 Kd5 59. Nf7 Nf5 60. Nh8
Nxh4+ 61. Ke2 Ke4 62. Nf7 d3+ 63. Kd2 Nf3+ 64. Kd1 Kxf4 65. Nd6 h4 66. Nc4 h3
67. Kc1 h2 0-1

[Event "34th Leon Blitz Open 2021"]
[Site "chess.com INT"]
[Date "2021.07.07"]
[Round "7"]
[White "Vitenberg, Noam Aviv"]
[Black "Dobre, Claudiu-Cristian"]
[Result "1/2-1/2"]
[WhiteTitle "FM"]
[BlackTitle "IM"]
[WhiteElo "2315"]
[BlackElo "2314"]
[WhiteFideId "1532138"]
[BlackFideId "1211854"]
[EventDate "2021.07.07"]

1. g3 d5 2. Bg2 Nf6 3. Nf3 c6 4. O-O Bg4 5. c4 e6 6. Ne5 Bf5 7. d3 Nbd7 8. Bf4
Nxe5 9. Bxe5 Bd6 10. Bxd6 Qxd6 11. Qb3 Rb8 12. Nd2 O-O 13. Rae1 Bg6 14. Rd1 b5
15. cxd5 cxd5 16. e4 Rfd8 17. Rfe1 e5 18. h3 dxe4 19. Nxe4 Qb6 20. Rc1 Bxe4 21.
Bxe4 Rbc8 22. Rxc8 Rxc8 23. Bf5 Rc5 24. Qb4 g6 25. Be4 Kg7 26. Bg2 a5 27. Qd2 b4
28. d4 Qd6 29. Rd1 exd4 30. Qd3 Nd7 31. Qxd4+ Qxd4 32. Rxd4 Ne5 33. Rd5 Rxd5 34.
Bxd5 Nd3 35. Kf1 Nxb2 36. Ke2 Kf6 37. Bc6 Nc4 38. Bb5 Nd6 39. Ba4 Ke5 40. Kd3 f5
41. f4+ Kf6 42. Kd4 Ne4 43. g4 Nf2 44. g5+ Kg7 45. h4 h6 46. Bb3 hxg5 47. hxg5
Ne4 48. Ke5 Nc3 49. Kd6 a4 50. Bc4 b3 51. axb3 a3 52. b4 a2 53. Bxa2 Nxa2 54. b5
Nb4 55. Kc5 Nd3+ 56. Kd6 Nb2 57. Kc5 Na4+ 58. Kb4 Nb6 59. Kc5 Na4+ 60. Kb4 Nb6
61. Ka5 Nd5 62. b6 Nxb6 63. Kxb6 Kf7 64. Kc5 Ke7 65. Kc6 Ke6 66. Kc5 Ke7 67. Kc6
Ke6 68. Kc5 Ke7 1/2-1/2

[Event "34th Leon Blitz Open 2021"]
[Site "chess.com INT"]
[Date "2021.07.07"]
[Round "7"]
[White "Navarro Segura, Roberto"]
[Black "Primbetov, Kazbek"]
[Result "1-0"]
[WhiteTitle "IM"]
[BlackTitle "FM"]
[WhiteElo "2123"]
[BlackElo "2207"]
[WhiteFideId "5100364"]
[BlackFideId "13702297"]
[EventDate "2021.07.07"]

1. e4 e6 2. d4 d5 3. Nc3 e5 4. dxe5 d4 5. Nce2 Nc6 6. Nf3 Bc5 7. Bg5 Nge7 8. c3
Bg4 9. Nfxd4 Nxe5 10. f3 Bd7 11. Qb3 h6 12. Be3 Nd3+ 13. Kd2 Ne5 14. Rd1 O-O 15.
Kc1 a5 16. Qc2 b5 17. Nf5 Bb6 18. Bxb6 cxb6 19. Nd6 Qc7 20. Kb1 Rfd8 21. Nf4 Be8
22. Nxb5 Bxb5 23. Bxb5 Nxf3 24. Ne6 fxe6 25. gxf3 Ng6 26. Rd4 e5 27. Rd5 Nf4 28.
Rxd8+ Rxd8 29. Rd1 Rxd1+ 30. Qxd1 Qc5 31. Bf1 Kh7 32. a3 Qg1 33. Be2 Qxh2 34.
Bb5 Qf2 35. Ka2 h5 36. Qd6 Qc5 37. Qd7 h4 38. Bf1 Qf2 39. Bh3 Qxf3 40. Bf5+ Kh6
41. Qd6+ Kg5 42. Qxe5 h3 43. Bxh3+ Kh4 44. Bd7 Nh5 45. Qe7+ g5 46. Be8 Nf4 47.
e5 Qd5+ 48. Ka1 Qd1+ 49. Ka2 Nd3 50. Bg6 Nc1+ 51. Kb1 Nb3+ 52. Ka2 a4 53. Qh7+
Kg3 54. Bb1 Nc1+ 55. Ka1 Nb3+ 56. Ka2 Qd5 57. Qd3+ Qxd3 58. Bxd3 Nc5 59. Bc4 Kf4
60. e6 Nb7 61. e7 Nd6 62. Bb5 g4 63. e8=Q Nxe8 64. Bxe8 g3 65. Bc6 Ke3 66. b3
Kd2 67. Kb2 b5 68. bxa4 bxa4 69. Be4 Ke3 70. Bh1 Kd3 71. Bg2 Ke3 72. Kc2 Ke2 73.
c4 1-0

[Event "34th Leon Blitz Open 2021"]
[Site "chess.com INT"]
[Date "2021.07.07"]
[Round "7"]
[White "Glek, Igor"]
[Black "Ibrahimli, Murad"]
[Result "0-1"]
[WhiteTitle "GM"]
[BlackTitle "IM"]
[WhiteElo "2476"]
[BlackElo "2436"]
[WhiteFideId "4100484"]
[BlackFideId "13410229"]
[EventDate "2021.07.07"]

1. e4 e5 2. Nf3 Nc6 3. Nc3 Nf6 4. g3 Bc5 5. Bg2 d6 6. d3 a6 7. O-O Bg4 8. h3 Bh5
9. g4 Bg6 10. Nh4 Nxe4 11. Nxe4 Bxe4 12. Bxe4 Qxh4 13. Kg2 O-O 14. c3 Rad8 15.
Qf3 Kh8 16. b4 Bb6 17. a4 Ne7 18. Bxb7 f5 19. Qg3 Qf6 20. g5 Qe6 21. a5 Ba7 22.
Bxa6 d5 23. Bb7 f4 24. Qg4 Nf5 25. Ba3 f3+ 26. Kh2 e4 27. b5 Qe5+ 28. Kh1 c5 29.
d4 cxd4 30. cxd4 Bxd4 31. Rad1 Rf7 32. a6 Bb6 33. h4 Bc7 34. Qh3 e3 35. Rfe1 e2
36. Rd3 Nd4 37. Bb2 Bb6 38. Bxd4 Bxd4 39. Rxf3 Qe4 40. Kg2 Rdf8 41. Rxe2 Qxf3+
42. Qxf3 Rxf3 43. Bxd5 Rxf2+ 44. Rxf2 Rxf2+ 45. Kg3 Rb2 46. Bc6 Bb6 47. Kf4 Rb4+
48. Ke5 Rxh4 49. Kd6 Rb4 50. Kd7 Rf4 51. Kc8 Rf7 52. Bd7 Bd4 53. Kc7 h5 54. gxh6
gxh6 55. Kc6 h5 56. Be6 Rf6 57. Kd5 Ba7 58. Bd7 h4 59. Bh3 Rf3 60. Bc8 h3 61.
Bxh3 Rxh3 62. Kc6 Rh7 63. b6 Rh6+ 64. Kb7 Bxb6 65. a7 Bxa7 66. Kxa7 Kg7 0-1

[Event "34th Leon Blitz Open 2021"]
[Site "chess.com INT"]
[Date "2021.07.07"]
[Round "7"]
[White "Dhulipalla, Bala Chandra Prasad"]
[Black "Sjugirov, Sanan"]
[Result "0-1"]
[WhiteTitle "IM"]
[BlackTitle "GM"]
[WhiteElo "2425"]
[BlackElo "2661"]
[WhiteFideId "25005812"]
[BlackFideId "4189302"]
[EventDate "2021.07.07"]

1. d4 Nf6 2. Bf4 g6 3. e3 Bg7 4. Nf3 O-O 5. Be2 d6 6. O-O b6 7. h3 Bb7 8. a4 a5
9. Nbd2 Nbd7 10. Bh2 Re8 11. Bb5 e6 12. Re1 Ne4 13. Nxe4 Bxe4 14. c3 Qe7 15. Qe2
Rf8 16. Nd2 Bb7 17. e4 e5 18. Nf3 Rad8 19. Rad1 c6 20. Bd3 Rfe8 21. Bg3 Bf6 22.
Qe3 Qf8 23. Bh4 Bxh4 24. Nxh4 exd4 25. cxd4 c5 26. Nf3 Qg7 27. Qf4 Qf6 28. Qd2
cxd4 29. Bb5 Rxe4 30. Nxd4 Nc5 31. Nc6 Bxc6 32. Bxc6 Rxe1+ 33. Rxe1 Kg7 34. g3
d5 35. Bb5 d4 36. h4 h5 37. b4 axb4 38. Qxb4 d3 39. Rd1 Rd4 40. Qb2 Rd6 41. Qb4
Qd4 42. Qd2 Rf6 43. Bxd3 Nxd3 44. Qxd3 Qxf2+ 45. Kh1 Qb2 46. Qd4 Qe2 47. Qd3 Qf2
48. Rg1 Qc5 49. Rg2 Qc6 50. Qd4 Kh7 51. Kh2 Rf1 52. Qd3 Rf5 53. Qb3 Rf3 54. Qa2
Kg8 55. a5 bxa5 56. Qxa5 Rf5 57. Qd8+ Kh7 58. Qd2 Qe4 59. Rf2 Rxf2+ 60. Qxf2 Qe6
61. Qf4 Kg7 62. Qd4+ Qf6 63. Qe4 Qb2+ 64. Kh3 Qc3 65. Qd5 Qf6 66. Kh2 Qf2+ 67.
Kh3 Qf5+ 68. Qxf5 gxf5 69. Kg2 Kf6 70. Kf2 Ke5 71. Ke3 f4+ 72. gxf4+ Kf5 73. Kf3
f6 74. Kg3 Ke4 75. f5 Ke5 76. Kf2 Kf4 0-1

[Event "34th Leon Blitz Open 2021"]
[Site "chess.com INT"]
[Date "2021.07.07"]
[Round "7"]
[White "Sliwicka, Alicja"]
[Black "Filip, Lucian-Ioan"]
[Result "0-1"]
[WhiteTitle "WIM"]
[BlackTitle "IM"]
[WhiteElo "2308"]
[BlackElo "2431"]
[WhiteFideId "1150677"]
[BlackFideId "1208900"]
[EventDate "2021.07.07"]

1. e4 c5 2. Nf3 e6 3. d4 cxd4 4. Nxd4 Nc6 5. Nc3 Qc7 6. Nb3 Nf6 7. Bd3 a6 8. O-O
Be7 9. f4 d6 10. Bd2 b5 11. Qf3 Bb7 12. Rae1 Nb4 13. Nxb5 axb5 14. Bxb4 O-O 15.
Qh3 g6 16. f5 gxf5 17. exf5 e5 18. Re3 Kh8 19. Rg3 Rg8 20. Bd2 Rxg3 21. hxg3 Rg8
22. Nc1 e4 23. Be2 Qxc2 24. Bc3 b4 25. Bd4 Qd2 26. Rd1 Qg5 27. Bc4 d5 28. Bb3
Qxg3 29. Qxg3 Rxg3 30. Ne2 Rg5 31. Rc1 Ba6 32. Nf4 Kg8 33. Rc6 Rxf5 34. g3 Bc4
35. Bxc4 dxc4 36. Rxc4 h5 37. Rc8+ Kh7 38. Rc7 Ng8 39. Be3 Bd6 40. Rc4 Bxf4 41.
gxf4 Rb5 42. Rxe4 Nf6 43. Rc4 Nd5 44. Bd2 Kg6 45. Kf2 Kf5 46. Kf3 f6 47. Rc8 Ra5
48. a3 Rb5 49. a4 Rb7 50. Rc5 Ke6 51. a5 Kd6 52. Rc4 Ra7 53. Bxb4+ Nxb4 54. Rxb4
Rxa5 55. Rb6+ Ke7 56. b4 Ra1 57. b5 Ra4 58. Ra6 Rb4 59. b6 Ke6 60. Ke3 Kf5 61.
Ra5+ Kg4 62. Ra6 f5 63. Ra8 Rb3+ 64. Kd4 Rxb6 65. Rh8 Rb4+ 66. Ke3 Re4+ 67. Kf2
Rxf4+ 68. Kg2 Ra4 69. Rg8+ Kf4 70. Kh3 Ra1 71. Rf8 Rh1+ 72. Kg2 Re1 73. Rh8 Kg4
74. Rg8+ Kh4 75. Rf8 Re5 76. Rh8 Re4 77. Rf8 Rf4 78. Rg8 Rg4+ 79. Rxg4+ hxg4 80.
Kh2 g3+ 81. Kg2 Kg4 82. Kg1 Kf3 83. Kf1 g2+ 84. Kg1 f4 85. Kh2 Kf2 86. Kh3 g1=Q
87. Kh4 Qg6 0-1

[Event "34th Leon Blitz Open 2021"]
[Site "chess.com INT"]
[Date "2021.07.07"]
[Round "7"]
[White "Baskin, Robert"]
[Black "Nguyen, Ngoc Truong Son"]
[Result "0-1"]
[WhiteTitle "IM"]
[BlackTitle "GM"]
[WhiteElo "2390"]
[BlackElo "2641"]
[WhiteFideId "24662402"]
[BlackFideId "12401110"]
[EventDate "2021.07.07"]

1. d4 Nf6 2. c4 c5 3. d5 e6 4. Nc3 exd5 5. cxd5 d6 6. e4 g6 7. Bd3 Bg7 8. h3 O-O
9. Nf3 a6 10. a4 Nbd7 11. O-O Qe7 12. Re1 Nh5 13. Bg5 Bf6 14. Bh6 Re8 15. Qd2
Ne5 16. Be2 Bg7 17. a5 Bd7 18. Rad1 Rab8 19. Bxg7 Kxg7 20. Nxe5 Qxe5 21. Bxh5
Qxh5 22. Qf4 Qe5 23. Qxe5+ Rxe5 24. f4 Re7 25. e5 Rbe8 26. Ne4 Ba4 27. Nxd6 Rd8
28. Rc1 Bb3 29. f5 Rc7 30. f6+ Kf8 31. Rc3 Bxd5 32. Rec1 c4 33. b3 Rc5 34. bxc4
Bc6 35. Re3 Rxa5 36. c5 Ra4 37. e6 fxe6 38. Rxe6 Ra2 39. Re7 Rxg2+ 40. Kf1 Rg3
41. Rf7+ Kg8 42. Rg7+ Kf8 43. Rxh7 Rf3+ 44. Ke2 Rxf6 45. Rc3 Kg8 46. Re7 Rdf8
47. Rce3 b6 48. Rc7 Bf3+ 49. Ke1 bxc5 50. Ree7 Rd8 51. Rg7+ Kf8 52. Rh7 Kg8 53.
Rcg7+ Kf8 54. Rc7 Bd5 55. Nb7 Re8+ 56. Kd2 Bg8 57. Rhd7 Rf7 58. Nxc5 Rxd7+ 59.
Nxd7+ Ke7 60. Nb6+ Kd6 61. Ra7 Kc6 62. Na4 Bc4 63. Nc3 Rd8+ 64. Kc2 Rd6 65. h4
Kb6 66. Rg7 a5 67. Rh7 Kc5 68. h5 Bd3+ 69. Kb2 Rb6+ 70. Ka3 gxh5 71. Rxh5+ Kc4
72. Nd5 Rb3+ 73. Ka4 Rb1 74. Ne3+ Kd4 75. Nf5+ Kc3 76. Kxa5 Rb5+ 77. Ka4 Re5 78.
Ng3 Re6 79. Rc5+ Bc4 80. Nf5 Ra6+ 81. Ra5 Rb6 82. Ne7 Rb4+ 83. Ka3 Rb1 84. Nd5+
Bxd5 85. Rxd5 Ra1# 0-1

[Event "34th Leon Blitz Open 2021"]
[Site "chess.com INT"]
[Date "2021.07.07"]
[Round "8"]
[White "Baskin, Robert"]
[Black "Roman, Rodrigo"]
[Result "0-1"]
[WhiteTitle "IM"]
[BlackTitle "CM"]
[WhiteElo "2390"]
[BlackElo "2071"]
[WhiteFideId "24662402"]
[BlackFideId "3701220"]
[EventDate "2021.07.07"]

1. Nf3 Nf6 2. g3 g6 3. Bg2 Bg7 4. O-O O-O 5. c4 c6 6. d4 d5 7. Qb3 a5 8. cxd5
cxd5 9. Nc3 Nc6 10. Rd1 Ne4 11. Nxd5 Be6 12. Nxe7+ Nxe7 13. Qxb7 Nd6 0-1

[Event "34th Leon Blitz Open 2021"]
[Site "chess.com INT"]
[Date "2021.07.07"]
[Round "8"]
[White "Primbetov, Kazbek"]
[Black "Szente Varga, Fruzsina"]
[Result "1-0"]
[WhiteTitle "FM"]
[BlackTitle "WFM"]
[WhiteElo "2207"]
[BlackElo "2100"]
[WhiteFideId "13702297"]
[BlackFideId "712264"]
[EventDate "2021.07.07"]

1. f4 e5 2. fxe5 d6 3. exd6 Bxd6 4. Nf3 Bg4 5. e4 Nf6 6. Nc3 O-O 7. d3 Nbd7 8.
Be2 Ne5 9. O-O Nxf3+ 10. Bxf3 Bxf3 11. Qxf3 Bc5+ 12. Kh1 h5 13. Bg5 Be7 14. Bxf6
Bxf6 15. Qxh5 Qd4 16. Nd5 Be5 17. c3 Qxd3 18. Ne7# 1-0

[Event "34th Leon Blitz Open 2021"]
[Site "chess.com INT"]
[Date "2021.07.07"]
[Round "8"]
[White "Vasquez Schroeder, Rodrigo"]
[Black "Yilmaz, Mustafa"]
[Result "0-1"]
[WhiteTitle "GM"]
[BlackTitle "GM"]
[WhiteElo "2459"]
[BlackElo "2630"]
[WhiteFideId "3400042"]
[BlackFideId "6302718"]
[EventDate "2021.07.07"]

1. e4 c5 2. Nf3 Nc6 3. Bb5 e6 4. c3 Nge7 5. d4 cxd4 6. cxd4 d5 7. e5 Bd7 8. Nc3
Nf5 9. Bxc6 bxc6 10. O-O c5 11. Be3 cxd4 12. Bxd4 Be7 13. Qd2 O-O 14. Rfc1 Qb8
15. Ne2 Nxd4 16. Nexd4 Qb6 17. a3 a5 18. Rc3 a4 19. Rac1 Rfb8 20. Rc7 Rb7 21.
Rxb7 Qxb7 22. h4 h6 23. Rc3 Rb8 24. Qc2 Bd8 25. Nc6 Bxc6 26. Rxc6 Kf8 27. Qxa4
Qxb2 28. Rc2 Qb7 29. Qd4 Qb1+ 0-1

[Event "34th Leon Blitz Open 2021"]
[Site "chess.com INT"]
[Date "2021.07.07"]
[Round "8"]
[White "Kamsky, Gata"]
[Black "Maly, Alexey"]
[Result "1-0"]
[WhiteTitle "GM"]
[BlackTitle "IM"]
[WhiteElo "2658"]
[BlackElo "2370"]
[WhiteFideId "2000024"]
[BlackFideId "14103184"]
[EventDate "2021.07.07"]

1. e4 c6 2. d3 d5 3. Nf3 g6 4. g3 Bg7 5. Nbd2 e5 6. Bg2 Ne7 7. O-O O-O 8. b4 Nd7
9. Bb2 Qc7 10. Re1 b6 11. a3 Bb7 12. h4 h6 13. Qe2 Rfe8 14. Qf1 Kh7 15. Bh3 Nf8
16. exd5 Nxd5 17. c4 Nf6 18. Rxe5 Rxe5 19. Bxe5 Qd8 20. Bg2 Ne6 21. d4 a5 22.
Qb1 Ng4 23. Bxg7 Kxg7 24. Qb2 Kh7 25. Re1 axb4 26. axb4 Ra4 27. Ne4 Qe7 28. c5
bxc5 29. dxc5 Ba6 30. Bh3 h5 31. Bxg4 hxg4 32. Nf6+ Kh6 33. Ng8+ 1-0

[Event "34th Leon Blitz Open 2021"]
[Site "chess.com INT"]
[Date "2021.07.07"]
[Round "8"]
[White "Kadam, Om Manish"]
[Black "Senlle Caride, Miguel"]
[Result "1-0"]
[WhiteTitle "CM"]
[BlackTitle "FM"]
[WhiteElo "2114"]
[BlackElo "2354"]
[WhiteFideId "45076294"]
[BlackFideId "2282500"]
[EventDate "2021.07.07"]

1. e4 e5 2. Nf3 Nc6 3. Bc4 Nf6 4. d3 Be7 5. O-O O-O 6. a4 d6 7. Re1 Kh8 8. Ng5
Kg8 9. Nc3 h6 10. Nf3 Be6 11. Nd5 Nd7 12. a5 a6 13. c3 Rb8 14. h3 Kh8 15. Qb3
Nc5 16. Qa2 f5 17. b4 fxe4 18. dxe4 Nd7 19. Nxe7 Bxc4 20. Ng6+ Kg8 21. Qxc4+ 1-0

[Event "34th Leon Blitz Open 2021"]
[Site "chess.com INT"]
[Date "2021.07.07"]
[Round "8"]
[White "Yen, William"]
[Black "Llorens Sepulveda, Marcelo"]
[Result "0-1"]
[BlackTitle "FM"]
[WhiteElo "2056"]
[BlackElo "2257"]
[WhiteFideId "30932025"]
[BlackFideId "3400999"]
[EventDate "2021.07.07"]

1. d4 Nf6 2. Nf3 g6 3. c4 Bg7 4. Nc3 O-O 5. e4 d6 6. h3 Na6 7. Be3 e5 8. d5 Nc5
9. Nd2 a5 10. g4 b6 11. Be2 Ne8 12. f3 f5 13. Qc2 Bd7 14. gxf5 gxf5 15. h4 Kh8
16. O-O-O a4 17. Kb1 Nf6 18. exf5 Nh5 19. Nde4 Bxf5 20. Rdg1 Rg8 21. Rg5 Bg6 22.
Rhg1 Qe7 23. Bxc5 bxc5 24. Nxa4 Nf4 25. Nac3 Bh6 26. h5 Nxh5 27. Rxh5 Bxh5 28.
Rh1 Qf7 29. f4 Bxe2 30. Rxh6 Rg1+ 0-1

[Event "34th Leon Blitz Open 2021"]
[Site "chess.com INT"]
[Date "2021.07.07"]
[Round "8"]
[White "Maltsevskaya, Aleksandra"]
[Black "Khabinets, Ivan"]
[Result "1-0"]
[WhiteTitle "WGM"]
[WhiteElo "2382"]
[BlackElo "1980"]
[WhiteFideId "24174041"]
[BlackFideId "14115980"]
[EventDate "2021.07.07"]

1. Nf3 Nf6 2. c4 e6 3. g3 d5 4. Bg2 b6 5. O-O Bb7 6. b3 Be7 7. a4 a5 8. d3 O-O
9. Nc3 Na6 10. Ne5 Qc8 11. Bb2 Nb4 12. cxd5 Nfxd5 13. Nxd5 Bxd5 14. e4 Bb7 15.
Ng4 f6 16. d4 Rd8 17. Ne3 e5 18. Qh5 exd4 19. Bh3 dxe3 20. Bxc8 exf2+ 21. Rxf2
Raxc8 22. Re2 Bc5+ 23. Kg2 Re8 24. Qg4 Nd3 25. Bxf6 g6 26. Qd7 Bf8 27. Qxd3 1-0

[Event "34th Leon Blitz Open 2021"]
[Site "chess.com INT"]
[Date "2021.07.07"]
[Round "8"]
[White "Dang, Hoang Son"]
[Black "Rosenberg, Evan S"]
[Result "1-0"]
[WhiteTitle "FM"]
[WhiteElo "2363"]
[BlackElo "2125"]
[WhiteFideId "12402435"]
[BlackFideId "2019299"]
[EventDate "2021.07.07"]

1. d4 Nf6 2. c4 e6 3. Nf3 d5 4. g3 Be7 5. Bg2 O-O 6. O-O dxc4 7. Qc2 a6 8. Qxc4
b5 9. Qc2 Bb7 10. Bd2 Be4 11. Qc1 Bb7 12. Ba5 Nc6 13. Bd2 Ra7 14. Rd1 Qa8 15. e3
Nxd4 16. Nxd4 Bxg2 17. b4 Rd8 18. Be1 e5 19. Nf5 Rxd1 20. Nxe7+ Kf8 21. Qxd1
Kxe7 22. Nc3 Bf3 23. Qd3 Bh1 24. e4 Bxe4 25. Qe3 Bh1 26. f3 Qxf3 27. Qxe5+ Kf8
28. Qc5+ Kg8 29. Qf2 Qxf2+ 30. Bxf2 Ra8 31. Kxh1 Rd8 32. Kg2 Rd3 33. Rd1 Rxd1
34. Nxd1 Nd5 35. a3 Kf8 36. Kf3 Ke7 37. Ke4 c6 38. Kd4 Kd6 39. g4 g6 40. Bg3+
Kd7 41. Nc3 Nxc3 42. Kxc3 f5 43. gxf5 gxf5 44. Kd4 h5 45. Kc5 Ke6 46. Bf4 Kf6
47. Kxc6 h4 48. Kb6 Kg6 49. Kxa6 Kh5 50. h3 1-0

[Event "34th Leon Blitz Open 2021"]
[Site "chess.com INT"]
[Date "2021.07.07"]
[Round "8"]
[White "Guseinov, Gadir"]
[Black "Holt, Conrad"]
[Result "0-1"]
[WhiteTitle "GM"]
[BlackTitle "GM"]
[WhiteElo "2665"]
[BlackElo "2549"]
[WhiteFideId "13401378"]
[BlackFideId "2034387"]
[EventDate "2021.07.07"]

1. e4 e6 2. d4 d5 3. e5 c5 4. c3 Nc6 5. Nf3 Bd7 6. Be2 Qb6 7. O-O Nge7 8. dxc5
Qxc5 9. Be3 Qa5 10. b4 Qc7 11. Bd4 Ng6 12. Na3 a6 13. c4 Bxb4 14. Bb2 d4 15. Nc2
Bc3 16. Rb1 Bxb2 17. Rxb2 O-O 18. Ncxd4 Rfd8 19. Qb1 Rab8 20. Qe4 Ncxe5 21. Rfb1
Nc6 22. Qe3 e5 23. Nb3 Bf5 24. Rc1 Nf4 25. Bf1 Nd3 26. Bxd3 Rxd3 27. Qe1 Qd6 28.
c5 Qd5 29. Na5 Nxa5 30. Qxa5 Rd1+ 31. Ne1 Rxc1 32. Qc7 Rxe1# 0-1

[Event "34th Leon Blitz Open 2021"]
[Site "chess.com INT"]
[Date "2021.07.07"]
[Round "8"]
[White "Khanin, Semen"]
[Black "Delgadillo, Adonay"]
[Result "1-0"]
[WhiteTitle "IM"]
[BlackTitle "FM"]
[WhiteElo "2517"]
[BlackElo "2236"]
[WhiteFideId "4111990"]
[BlackFideId "3301915"]
[EventDate "2021.07.07"]

1. e4 c5 2. Nf3 d6 3. d4 cxd4 4. Nxd4 Nf6 5. Nc3 a6 6. f3 e5 7. Nb3 Be7 8. Be3
Be6 9. Qd2 O-O 10. O-O-O a5 11. a4 Na6 12. g4 Qb8 13. Bb5 Rc8 14. h4 Nc7 15. h5
Nxb5 16. axb5 a4 17. Na1 a3 18. b3 Qc7 19. Nd5 Bxd5 20. exd5 Nxd5 21. Qxd5 Qc3
22. Qd3 Qb2+ 23. Kd2 a2 24. g5 d5 25. g6 fxg6 26. hxg6 d4 27. Rxh7 dxe3+ 28. Ke2
Qd4 29. Rdh1 Bh4 30. R1xh4 Qxd3+ 31. Kxd3 Kf8 32. Rh8+ Ke7 33. Rxc8 Rxc8 34.
Kxe3 Rc3+ 35. Ke2 e4 36. Rxe4+ Kf6 37. Ra4 1-0

[Event "34th Leon Blitz Open 2021"]
[Site "chess.com INT"]
[Date "2021.07.07"]
[Round "8"]
[White "Girya, Olga"]
[Black "Iskusnyh, Sergei"]
[Result "0-1"]
[WhiteTitle "WGM"]
[BlackTitle "GM"]
[WhiteElo "2448"]
[BlackElo "2473"]
[WhiteFideId "4195752"]
[BlackFideId "4120027"]
[EventDate "2021.07.07"]

1. d4 d5 2. c4 e6 3. Nf3 dxc4 4. e3 a6 5. Bxc4 Nf6 6. O-O b5 7. Bd3 Bb7 8. a4 b4
9. Nbd2 Nbd7 10. Nc4 c5 11. Qe2 Be7 12. Rd1 cxd4 13. Nxd4 O-O 14. e4 a5 15. e5
Nd5 16. Qg4 Re8 17. Bh6 Bf8 18. Nd6 Nxe5 19. Qe4 Nf6 20. Qxb7 Qxd6 21. Bb5 Reb8 0-1

[Event "34th Leon Blitz Open 2021"]
[Site "chess.com INT"]
[Date "2021.07.07"]
[Round "8"]
[White "Wiwatanadate, Poompong"]
[Black "Pacheco Lugo, Alejandro Jose"]
[Result "0-1"]
[WhiteTitle "FM"]
[BlackTitle "CM"]
[WhiteElo "2043"]
[BlackElo "2127"]
[WhiteFideId "6201083"]
[BlackFideId "3903745"]
[EventDate "2021.07.07"]

1. d4 Nf6 2. c4 e6 3. Nc3 Bb4 4. e3 O-O 5. Bd3 d5 6. Ne2 b6 7. O-O Bb7 8. a3 Bd6
9. cxd5 exd5 10. b4 a6 11. Bb2 Nbd7 12. Rc1 Qe7 13. Ng3 g6 14. h4 h5 15. Qf3 Ng4
16. Rfe1 Qxh4 17. e4 Qh2+ 18. Kf1 Bxg3 19. fxg3 dxe4 20. Bxe4 Bxe4 21. Nxe4 Rae8
22. Rxc7 f5 23. Qb3+ Rf7 24. Rxd7 Qh1+ 25. Ke2 Rxe4+ 26. Kd3 Nf2+ 27. Kc2 Re2+
28. Rxe2 Qd1+ 29. Kc3 Qd3# 0-1

[Event "34th Leon Blitz Open 2021"]
[Site "chess.com INT"]
[Date "2021.07.07"]
[Round "8"]
[White "Harshavardhan, G B"]
[Black "Svane, Rasmus"]
[Result "0-1"]
[WhiteTitle "IM"]
[BlackTitle "GM"]
[WhiteElo "2397"]
[BlackElo "2615"]
[WhiteFideId "25059009"]
[BlackFideId "4657101"]
[EventDate "2021.07.07"]

1. d4 d5 2. c4 e6 3. Nc3 a6 4. Nf3 dxc4 5. a4 Nf6 6. e4 Bb4 7. e5 Nd5 8. Bd2 c5
9. Bxc4 cxd4 10. Ne4 Be7 11. O-O Nc6 12. Bg5 O-O 13. Bxe7 Ndxe7 14. Rc1 Ng6 15.
Nfg5 h6 16. Qh5 Ncxe5 17. f4 Nxc4 18. Rxc4 b5 19. Rc5 bxa4 20. Nxf7 Kxf7 21.
Rfc1 d3 22. Rc7+ Bd7 23. Nd6+ Kg8 24. Qxg6 d2 25. h3 dxc1=Q+ 26. Rxc1 Qf6 27.
Qd3 Rad8 28. Rc7 Bb5 29. Qa3 Qd4+ 0-1